(Almost) All U.S. National Parks Map Quiz - Statistics

General Stats
  • This quiz has been taken 1,366 times
  • The average score is 29 of 61
Answers on the Map
Answers color-coded by a green-red scale on the quiz's map according to % correct below.
 
Answer Stats
Answer % Correct
Acadia
87%
Everglades
80%
Great Smoky Mountains
74%
Yellowstone
74%
Grand Canyon
71%
Glacier
68%
Gateway Arch
66%
Shenandoah
66%
Indiana Dunes
65%
Isle Royale
63%
Mammoth Cave
63%
Big Bend
62%
Dry Tortugas
61%
Hot Springs
60%
Grand Teton
59%
Olympic
59%
Crater Lake
58%
Cuyahoga Valley
58%
Death Valley
58%
Hawaiʻi Volcanoes
57%
Mount Rainier
57%
Rocky Mountain
57%
Yosemite
56%
Badlands
54%
Haleakalā
54%
Redwood
54%
Congaree
51%
Joshua Tree
51%
Channel Islands
49%
Zion
49%
Theodore Roosevelt
48%
Denali
47%
North Cascades
46%
Biscayne
44%
New River Gorge
44%
Voyageurs
42%
Carlsbad Caverns
39%
Gates of the Arctic
39%
Saguaro
39%
Guadalupe Mountains
38%
Mesa Verde
38%
Arches
37%
Petrified Forest
37%
White Sands
37%
Great Basin
36%
Bryce Canyon
34%
Black Canyon of the Gunnison
31%
Great Sand Dunes
31%
Sequoia
31%
Lassen Volcanic
30%
Wind Cave
30%
Canyonlands
29%
Kenai Fjords
29%
Glacier Bay
26%
Capitol Reef
25%
Kings Canyon
25%
Pinnacles
25%
Wrangell–St. Elias
24%
Katmai
21%
Kobuk Valley
17%
Lake Clark
16%
No matching quizzes found
Score Distribution
Percent of People with Each Score
Percentile by Number Answered
Your Score History
You have not taken this quiz